LEADER 01431nam a2200265 4500 001 000000357092 003 CaOOAMICUS 005 20240920104854.0 008 240208s1890 it a 000 u ita r 040 $aSeMil$bita 100 11$aStoppani, Antonio,$c.$0(OLS)http://semarc/name/5672 245 03$aIl Bel Paese :$bconversazioni sulle bellezze naturali, la geologia e la geografia fisica d'Italia /$cAntonio Stoppani. 250 $a13. ed. economica cogli accenti tonici sulle parole ad uso delle scuole 264 1$aMilano :$bLudovico Felice Cogliati,$c1890. 300 $aXXIV, 653 p. :$bill. ;$c19 cm 500 $aFront. strappato e mutilo nella parte inferiore dei dati editoriali 510 4 $aCod. identificativo SBN:$cIT\ICCU\TO0\1575522 650 4$aStoppani, Antonio <1824-1891> . Il Bel Paese.$0(OLS)http://semarc/subject/56333 650 4$aItalia - Descrizioni letterarie - Sec. 19.$0(OLS)http://semarc/subject/55875 850 $aSeMil 852 $aSeMil$W1$xVenegono$y1$m3XA I 20 FA$j245969$B248272$CSeMilBibl$Z2$F248272 $8I 961 $aFront. strappato e mutilo nella parte inferiore dei dati editoriali 996 $6245$aIl Bel Paese :$bconversazioni sulle bellezze naturali, la geologia e la geografia fisica d'Italia$9(OLS)http://semarc/title/237822 996 $6264$aMilano :$bLudovico Felice Cogliati$9(OLS)http://semarc/publisher/61537 LEADER 01184nam a2200229 i 4500 001 000000026985 003 CaOOAMICUS 005 20220207101608.0 008 180830s1827 it u000 u ita u 040 $aSeMil$bita 100 1 $aBarcellona, Antonino,$d<1726-1805>.$0(OLS)http://semarc/name/12263 245 10$aParafrasi delle profezie d'Isaia di Antonino Barcellona ... Parte 1. [-2.]. 260 $aVenezia :$bAndrea Santini e figlio,$c1827. 300 $a2 v. ;$c4°. 650 4$aBibbia. Antico Testamento. Isaia - Commentari, studi, critica, interpretazioni.$0(OLS)http://semarc/subject/111 650 4$aBibbia. Antico Testamento. Isaia - Profezie.$0(OLS)http://semarc/subject/4323 773 0 $aBarcellona, Antonino <1726-1805>$tParafrasi dei libri de' Profeti di Antonino Barcellona. Tomo 1. [-5.].$dVenezia : Andrea Santini e figlio, 1827-1828.$w()26986 774 0 $tParte 1.$g1$w()214214 774 0 $tParte 2.$g2$w()214216 996 $6245$aParafrasi delle profezie d'Isaia di Antonino Barcellona ... Parte 1. [-2.]$9(OLS)http://semarc/title/36477 996 $6260$aVenezia :$bAndrea Santini e figlio$9(OLS)http://semarc/publisher/36742